书目信息 |
| 书名: | Karting | |
| 作者: | Smith. | |
| 分册号: | ||
| 分册名: | 出版地: | New York : |
|
| 出版社: | arco | |
| 出版时间: | 1971. | |
| 页数: | 215 p. ; | |
| 开本: | 20cm. | |
| 丛书名: | ||
| 中图分类号: | ||
| 科图分类号: | ||
| 其他分类号: | U469.3 | |
| 主题词: | ||
| 电子资源: | ||
| 000 | 00316nam 2200133 a 4500 | |
| 001 | E0760872438 | |
| 005 | 20070505170036.56 | |
| 008 | 070505s1971 00010 eng | |
| 040 | @aPFT@beng | |
| 090 | @aU469.3 | |
| 099 | @dU469.3@ex1 | |
| 245 | @aKarting / @cSmith. | |
| 260 | @aNew York :@barco,@c1971. | |
| 300 | @a215 p. ;@c20cm. | |
| Karting / / Smith.-New York : : arco, , 1971. |
| 215 p. ; ; 20cm. |
| ISBN |
| ● |
| 相关链接 |
|
|
|
|
正题名:Karting
索取号:U469.3/x1
 
预约/预借
| 序号 | 登录号 | 条形码 | 馆藏地/架位号 | 状态 | 备注 |
| 1 | 006820 | 300068209 | 第二样本阅览室/ [索取号:U469.3/x1] | 在馆 |